000 00667nam a2200253Ia 4500
003 OSt
005 20221007102046.0
006 a|||||r|||| 00| 0
007 ta
008 221006b |||||||| |||| 00| 0 eng d
020 _a8187498072
024 _a9,299
037 _cTextual
040 _aLCO
_cLCO
_beng
041 _2eng
_aeng
082 _aY11:45:6, P0
100 _aBhattacharyya S.K.
245 0 _aJuvenile Justice
_b Indian Scenario
260 _aNew
_bDelhi Regency Pub.
_c2000
300 _a216
650 _aJUVENILE JUSTICE
_9694132
942 _hY11:45:6, P0
_cTEXL
999 _c1178862
_d1178862